Los Miembros están de acuerdo con el programa de la OMPI para el desarrollo
में बचाया:
| स्वरूप: | मूलपाठ |
|---|---|
| विषय: | |
| टैग: |
टैग जोड़ें
कोई टैग नहीं, इस रिकॉर्ड को टैग करने वाले पहले व्यक्ति बनें!
|
MARC
| LEADER | 00000 a a2200000 04500 | ||
|---|---|---|---|
| 001 | 13129 | ||
| 003 | |||
| 040 | |||
| 245 | |a Los Miembros están de acuerdo con el programa de la OMPI para el desarrollo | ||
| 650 | |a PROPIEDAD INTELECTUAL | ||
| 650 | |a ONU | ||
| 650 | |a ESTADOS UNIDOS | ||
| 773 | |g volumen 8, número 4; páginas 8-9 | ||
| 999 | |c 24498 |d 24498 | ||
